000 00686nam a2200241Ia 4500
003 OSt
005 20220925224917.0
006 a|||||r|||| 00| 0
007 ta
008 220923b |||||||| |||| 00| 0 eng d
037 _cGeneral Book
040 _aRTL
_cRTL
_beng
041 _2eng
_aeng
082 _aYxM64:g, M9
100 _aHolton Robert J
_9131627
245 0 _aMax Weber on economy and society.
260 _aLondon
_bRoutledge Published
_c1989
300 _avii,211p
_ccm.
500 _aBibliography : P 197-208
700 _a Turner Bryan S
942 _hYxM64:g, M9
_cGB
_2CC
999 _c582562
_d582562